Les MVs les plus vues de Ive (avril 2026) - Statistiques

Statistiques générales
  • Ce quiz a été pris 114 fois
    8 depuis la dernière actualisation
  • Le résultat moyen est 18 sur 23
Statistiques - réponses
Date de sortie Nombre de vues MV % Correct
15 mai 2024 54 M Accendio
100%
22 août 2022 354 M After Like
100%
9 février 2026 44 M Bang Bang
100%
23 février 2026 18 M Blackhole
100%
1 décembre 2021 261 M Eleven
100%
18 septembre 2022 14 M Eleven (Japanese Version)
100%
10 avril 2023 379 M I Am
100%
5 avril 2022 329 M Love Dive
100%
3 février 2025 61 M Attitude
86%
13 octobre 2023 67 M Baddie
86%
29 avril 2024 101 M Heya
86%
27 mars 2023 151 M Kitsch
86%
19 janvier 2024 20 M All Night
71%
13 juillet 2023 42 M I Want
71%
6 octobre 2023 66 M Off The Record
71%
8 novembre 2024 16 M Supernova Love
71%
25 août 2025 40 M XOXZ
71%
13 janvier 2025 65 M Rebel Heart
57%
9 mai 2023 33 M Wave
57%
16 juillet 2024 11 M Be Alright
43%
25 septembre 2023 38 M Either Way
43%
28 juin 2024 13 M Summer Festa
43%
7 août 2024 10 M Crush
29%
Aucun quiz correspondant
Distribution des résultats
% des personnes avec chaque résultat
Percentile par nombre de réponses
Votre historique - résultats
Vous n’avez pas pris ce quiz depuis la dernière actualisation